Discurso leído en la Universidad de Sevilla en el acto solemne de la apertura del curso académico de 1917 a 1918 / (Record no. 113923)
[ view plain ]
| 000 -LEADER | |
|---|---|
| campo de control de longitud fija | 00783nam a2200169 i 4500 |
| 001 - NÚMERO DE CONTROL | |
| campo de control | 113923 |
| 003 - IDENTIFICADOR DE NÚMERO DE CONTROL | |
| campo de control | ES-MaACL |
| 005 - FECHA Y HORA DE LA ÚLTIMA TRANSACCIÓN | |
| campo de control | 20230906190033.0 |
| 007 - CAMPO FIJO DE DESCRIPCIÓN FÍSICA--INFORMACIÓN GENERAL | |
| campo de control de longitud fija | t| |
| 008 - DATOS DE LONGITUD FIJA--INFORMACIÓN GENERAL | |
| campo de control de longitud fija | 061121s1917 sp r ||||1| spa d |
| 100 1# - ENTRADA PRINCIPAL--NOMBRE DE PERSONA | |
| Nombre de persona | Pagés y Belloc, Francisco. |
| 9 (RLIN) | 88291 |
| 245 10 - MENCIÓN DEL TÍTULO | |
| Título | Discurso leído en la Universidad de Sevilla en el acto solemne de la apertura del curso académico de 1917 a 1918 / |
| Mención de responsabilidad, etc. | por Francisco Pagés y Belloc. |
| 260 ## - PUBLICACIÓN, DISTRIBUCIÓN, ETC. | |
| Lugar de publicación, distribución, etc. | Sevilla : |
| Nombre del editor, distribuidor, etc. | Librería de Eulogio de las Heras, |
| Fecha de publicación, distribución, etc. | [1917?] |
| 300 ## - DESCRIPCIÓN FÍSICA | |
| Extensión | 48 p., 30 h. ; |
| Dimensiones | 27 cm. |
| 500 ## - NOTA GENERAL | |
| Nota general | Tema: Algunas noticias de las últimas negociaciones acerca de la independencia de la América española continental. Seguido de Apéndices, copia de documentos del Archivo de Indias. |
| 852 ## - LOCALIZACIÓN | |
| Ubicación | ES-MaACL |
| Número de control de estantería | 1558-F-9 |
| Nota libre | .- Ded. ms. del autor |
| Estatus retirado | Estado de pérdida | Estado de daño | No para préstamo | Colección | Biblioteca de origen | Biblioteca actual | Ubicación en estantería | Fecha de adquisición | Fuente de adquisición | Total de préstamos | Signatura topográfica completa | Código de barras | Visto por última vez | Precio de reemplazo | Tipo de ítem Koha |
|---|---|---|---|---|---|---|---|---|---|---|---|---|---|---|---|
| Colección de folletos | Biblioteca del Ateneo de Madrid | Biblioteca del Ateneo de Madrid | Depósito folletos | 17/01/2008 | 1558-F-9 | 1118811 | 23/02/2023 | 23/02/2023 | Folleto |
